000 00701nam a2200205 a 4500
001 000022953
005 20200930021907.0
008 101123s1972 ag r 000 | spa d
040 _aDO-SdBNP
_bspa
_cBNPHU
082 _axxx
_bG619c
245 1 4 _aLas ciencias humanas y la filosofía /
_cLucien Goldmann; traducción Josefina Martínez Alinari.
260 _aBuenos Aires :
_bNueva Visión,
_c1972.
300 _a120 p. ;
_c18 cm.
490 _aFichas;
_v2
534 _aSciences humaines et philophie
_lespañol
700 1 _aMartínez Alinari, Josefina
_etr.
_947198
730 0 _aTítulo original francés :
_tSciences humaines et philophie
_947199
830 0 _aFichas;
_v2
_933686
049 _aBNGR
999 _c22450
_d22450